Taylor Swift - Paroles Blank Space - Statistiques

Statistiques générales
  • Ce quiz a été pris 2 740 fois
    1 677 depuis la dernière actualisation
  • Le résultat moyen est 363 sur 500
Statistiques - réponses
Hint
Réponse % Correct
I
99%
ya
99%
you,
99%
you
99%
You
99%
mm
98%
to
97%
a
96%
me
96%
be
95%
Be
95%
go
95%
"Oh,
95%
oh,
95%
in
94%
my
94%
can
92%
love
91%
where
91%
when
90%
been?
89%
meet
89%
Couplet 1 Nice
89%
the
89%
and
88%
And
88%
like
88%
show
88%
things
88%
God,
87%
incredible
87%
it
87%
for
85%
it's
84%
that
84%
your
84%
game,
82%
game
82%
look
82%
play?"
82%
So
82%
forever
81%
mistake
81%
next
81%
on
81%
blank
80%
I'm
80%
space,
80%
who
80%
face
79%
gonna
79%
tell
79%
at
78%
over,
78%
down
77%
name
77%
baby
76%
baby,
76%
could
76%
If
76%
if
76%
Or
76%
wanna
76%
Magic,
75%
Got
74%
got
74%
write
74%
insane
73%
is
72%
want
72%
say
71%
flames
70%
madness,
70%
of
70%
I'll
69%
'Cause
68%
'Cause,
68%
heaven,
68%
didn't
67%
didn't,
67%
Don't
67%
know
67%
list
67%
only
67%
sin
67%
Bridge Boys
66%
long
66%
torture
66%
But
65%
ex-lovers
65%
read
65%
magazine
64%
pain
64%
Love's
63%
make
61%
she?"
61%
this
61%
players
60%
there
60%
They'll
60%
warn
60%
worth
60%
weekend
59%
bad
58%
I've
58%
leave
58%
money,
58%
was
58%
good
57%
we're
57%
New
56%
tie
56%
come,
55%
come
55%
daydream
55%
too
55%
girl
54%
Hey
54%
hey,
54%
nightmare
54%
drunk
53%
far
53%
friends
53%
get
53%
let's
53%
Saw
53%
see
53%
suit
53%
hand
52%
jealousy
52%
no
52%
scar
52%
thought
52%
way
52%
guys
51%
nasty
51%
dressed
50%
with
50%
one
49%
what
49%
month
48%
passport
48%
Queen
48%
reckless
48%
take
48%
all
47%
how
47%
breathless
46%
breathless,
46%
Grab
46%
high
46%
tables
46%
turn
46%
about
45%
back
45%
Rumors
45%
time
45%
young,
45%
ends
44%
heard
44%
ya
44%
darling,
43%
funny?
42%
King,
42%
You're
42%
dyin'
41%
fly
41%
perfect
41%
We'll
41%
Find
40%
out
40%
worst
40%
yet
40%
crying,
39%
each
39%
lies
39%
lips,
39%
Screaming,
39%
Ain't
38%
you'll
38%
Couplet 2 Cherry
37%
pretty
37%
It'll
35%
storms
35%
crystal
33%
kisses,
33%
skies
30%
Rose
29%
garden
28%
Stolen
28%
filled
24%
Wait,
24%
thorns
22%
Keep
18%
second
18%
guessing
15%
Aucun quiz correspondant
Distribution des résultats
% des personnes avec chaque résultat
Percentile par nombre de réponses
Votre historique - résultats
Vous n’avez pas pris ce quiz depuis la dernière actualisation